Bibliografía del Instituto Lingüístico de Verano en el Perú, 1946-1986

Guardat en:
Dades bibliogràfiques
Autor principal: Wise, Mary Ruth (Autor)
Format: Llibre
Idioma:espanyol
Publicat: Pucallpa Instituto Lingüístico de Verano 1986
Matèries:
Etiquetes: Afegir etiqueta
Sense etiquetes, Sigues el primer a etiquetar aquest registre!

MARC

LEADER 00000nam a2200000 a 4500
001 UCO9812
003 CL-VaPUC
008 010309e19860000pe |||||||||||||||||spa|d
082 0 4 |a 306.44  |b WIS  |2 21 
100 0 |a Wise, Mary Ruth  |e author  |9 454950 
245 1 0 |a Bibliografía del Instituto Lingüístico de Verano en el Perú, 1946-1986 
300 |a 379 p 
942 |c BK 
945 |d 20010309 00:00:00  |a cmena 
260 |a Pucallpa  |b Instituto Lingüístico de Verano  |c 1986 
650 0 |a Sociolingüística  |9 263716 
650 7 |a GRUPOS ETNICOS  |2 CL-VaPUC  |9 324200 
650 0 |a Bibliografías   |9 257071 
650 0 |a Investigación lingüística  |9 329785 
583 |a last modification  |c 20171218 12:16:01  |k Rodrigo Vera 
999 |c 293835  |d 293833 
952 |0 0  |1 0  |4 0  |6 306_440000000000000_WIS_1986  |7 0  |8 A  |9 345585  |a FDOPOS  |b FDOPOS  |d 2019-11-20  |i 3686973  |o 306.44 WIS 1986  |p 3686973  |r 2025-01-22  |w 2019-11-20  |y BK  |k MLA